Online katalóg knižníc regiónu Turca

Taxikárka (Record no. 22242)

MARC details
000 -LEADER
fixed length control field 01602cam a2200505 a 4500
001 - CONTROL NUMBER
control field 22242
003 - CONTROL NUMBER IDENTIFIER
control field VRT
005 - DATE AND TIME OF LATEST TRANSACTION
control field 20260323144219.0
008 - FIXED-LENGTH DATA ELEMENTS--GENERAL INFORMATION
fixed length control field 240318s2015 xo g 000 f slo
015 ## - NATIONAL BIBLIOGRAPHY NUMBER
National bibliography number SNBA2015/03
020 ## - INTERNATIONAL STANDARD BOOK NUMBER
International Standard Book Number 9788081145070
Qualifying information (viaz.)
035 ## - SYSTEM CONTROL NUMBER
System control number DBF465E4-9EA1-4FB0-B8A8-CD8A7BFEAED5
035 ## - SYSTEM CONTROL NUMBER
System control number urn:nbn:sk:snk-amtfz3
035 ## - SYSTEM CONTROL NUMBER
System control number urn:nbn:sk:snk-am00bc67
039 #9 - LEVEL OF BIBLIOGRAPHIC CONTROL AND CODING DETAIL [OBSOLETE]
Level of rules in bibliographic description 202403182040
Level of effort used to assign nonsubject heading access points VLOAD
Level of effort used to assign subject headings 202310241422
Level of effort used to assign classification AUTHORITY
Level of effort used to assign subject headings 201808141524
Level of effort used to assign classification mbpksh04
Level of effort used to assign subject headings 201711231042
Level of effort used to assign classification VLOAD
040 ## - CATALOGING SOURCE
Original cataloging agency POKPOH
Language of cataloging slo
Transcribing agency POKPOH
Modifying agency SNK
Description conventions AACR2
041 0# - LANGUAGE CODE
Language code of text/sound track or separate title slo
044 ## - COUNTRY OF PUBLISHING/PRODUCING ENTITY CODE
MARC country code xo
ISO country code SK
072 #7 - SUBJECT CATEGORY CODE
Subject category code 821.162.4-3
Subject category code subdivision Slovenská próza
Source konspekt
080 ## - UNIVERSAL DECIMAL CLASSIFICATION NUMBER
Universal Decimal Classification number 821.162.4-31
Edition identifier 2011
100 1# - MAIN ENTRY--PERSONAL NAME
Personal name Havranová, Ivana,
Dates associated with a name 1952-
Relationship aut
245 10 - TITLE STATEMENT
Title Taxikárka
Statement of responsibility, etc. Ivana Havranová
250 ## - EDITION STATEMENT
Edition statement 1. vyd.
260 ## - PUBLICATION, DISTRIBUTION, ETC.
Place of publication, distribution, etc. Bratislava
Name of publisher, distributor, etc. Marenčin PT
Date of publication, distribution, etc. 2015
300 ## - PHYSICAL DESCRIPTION
Extent 221 s.
Dimensions 21 cm
655 #7 - INDEX TERM--GENRE/FORM
Genre/form data or focus term slovenské romány
Source of term SNKPH
655 #7 - INDEX TERM--GENRE/FORM
Genre/form data or focus term Slovak fiction
Source of term SNKPHeng
910 ## - USER-OPTION DATA (OCLC)
User-option data pokpoh
910 ## - USER-OPTION DATA (OCLC)
User-option data pppk
910 ## - USER-OPTION DATA (OCLC)
User-option data skpk
910 ## - USER-OPTION DATA (OCLC)
User-option data ttkjf
910 ## - USER-OPTION DATA (OCLC)
User-option data hevk
910 ## - USER-OPTION DATA (OCLC)
User-option data sllk
910 ## - USER-OPTION DATA (OCLC)
User-option data totk
910 ## - USER-OPTION DATA (OCLC)
User-option data snk
910 ## - USER-OPTION DATA (OCLC)
User-option data bpksh
942 ## - ADDED ENTRY ELEMENTS (KOHA)
Source of classification or shelving scheme Dewey Decimal Classification
Koha item type Krásna literatúra pre dospelých
Suppress in OPAC No
949 ## - LOCAL PROCESSING INFORMATION (OCLC)
6 270001000522056
a svkbbA 146710
b svkbbm 757776
949 ## - LOCAL PROCESSING INFORMATION (OCLC)
6 17A1174576
a snkSC 166950
b snk2015/31065
o 2312/2015
s 6100:20160323
949 ## - LOCAL PROCESSING INFORMATION (OCLC)
6 2889308783
a savukPV 21601
b savuk2015/4630
949 ## - LOCAL PROCESSING INFORMATION (OCLC)
6 17A1177160
a snkSC 166950 D1
b snk2016/525
o 2312/2015
949 ## - LOCAL PROCESSING INFORMATION (OCLC)
6 273K0599322
a svkpoA 228137
b svkpo594143
949 ## - LOCAL PROCESSING INFORMATION (OCLC)
6 3869A14224
a bpksh821.162.4-31
b bpksh70888
Holdings
Stav vyradenia Strata Poškodenie Spôsob nadobudnutia Domovská knižnica Aktuálna knižnica Dátum nadobudnutia Cena Total checkouts Čiarový kód exemplára Date last seen Typ exemplára
      Kúpa Obecná knižnica Horná Štubňa Obecná knižnica Horná Štubňa 23.03.2026 6.99   9788081145070 23.03.2026 Krásna literatúra pre dospelých
Projekt je podporený Slovenskou asociáciou knižníc
Prevádzkuje Turčianska knižnica Martin 2026